000
00239nam a2200097Ia 4500
005
20251222114408.0
008
251222s1900||||xx |||||||||||||| ||spa||
082
_a
DVD0070/R71/1995/BR
245
0
_a
Pena de muerte:Dead Man Walking
942
_c
DVD
999
_c
1914
_d
1914